000 00703nam a2200193 a 4500
008 120202s2001 ||||||||||||||||| || u
020 _a0080440282
050 _aQH 541.15.S5 Jor
100 _aJorgensen, S. E
245 1 0 _aFundamentals of ecological modelling. (3rd ed.)
_cby S. E. Jorgensen and G. Bendoricchio
250 _a3rd ed.
260 _aOxford:
_bElsevier
_c2001
300 _axii, 530p.: ill.
350 _a0.00
650 _aECOLOGY
650 _aECOLOGY--SIMULATION METHODS
700 _aBendoricchio, G
995 _D0.00
_FCBU-MAIN LIBRARY (Kitwe)
_H1
_I0.00
_M1
_UAVAILABLE
_WMar 28, 2012
_ZMain Library Open Access Collection
999 _c44134
_d44134